000 00988nam a2200217 4500
003 CO-ViMGA
020 _a9789587850536
040 _aCO-ViMGA
_bspa
_cCO-ViMGA
082 0 4 _a615.32
_bM22
100 1 _aValencia, Francisco Javier
_913781
245 1 0 _aMédicos naturales
_cComunidad Educativa de El Bordo (Cauca); ilustrador, Francisco Javier Valencia
260 _aBogotá :
_bMinisterio de Educación Nacional,
_bMinisterio de Cultura,
_c2017.
300 _a47 p. :
_bil. ; color
490 _aPlan Nacional de Lectura y Escritura Leer es mi Cuento
_aRío de letras. Territorios narrados ; 25
500 _aColección de actualización bibliográfica para la Red de Bibliotecas Públicas del Ministerio de Cultura, Plan Nacional de Lectura y Escritura Leer es mi cuento, 2018
650 1 4 _aBotánica médica
_96024
650 1 4 _aCauca (Colombia)
_xaspectos culturales
_913885
650 1 4 _aMedicina tradicional
_913884
700 1 _aValencia, Francisco Javier
_913781
942 _2ddc
_cBK
999 _c11904
_d11904